000 00321nam a2200121Ia 4500
005 20251222152020.0
008 251222s9999||||xx |||||||||||||| ||spa||
020 _a978-84-200-1083-9
082 _a636.089/D97
100 _a"Dunlop, Robert H.Malbert, Charles-Henri"
245 0 _aFisiopatologéa veterinaria
942 _cLIB
999 _c25244
_d25244